000 01154nam a2200325 a 4500
001 000109732
003 CHAP
005 20220329144102.0
008 140522s2014 mx sm |||||||spa d
010 _a106194
011 _a107166
040 _cCHAP
090 _aTesis
100 1 _aGalarza Aguilar, Israel
_9126998
245 1 0 _aEficiencia física,económica y social del agua irrigada en el cultivo de naranja (Citrus sinensis) en Nuevo León
_h[En línea]
_cpor Israel Galarza Aguilar.
260 _aBermejillo, Dgo. :
_bEl autor,
_c2014.
500 _aPara ver el contenido del material haga clic en la liga
502 _aTesis (Ing. Agr. Esp. en ) -- UACH. Departamento
590 _aBATCH-UPD
_b05
_c20141002
_lUCH01
_h0904
590 _aE5765TAJ
_b05
_c20140522
_lUCH01
_h1120
590 _aE5765TAJ
_b05
_c20140522
_lUCH01
_h1120
650 1 4 _aAgua para irrigación
_92430
650 1 4 _aNaranja
_xIrrigación.
_980172
650 1 4 _aNaranja
_xNuevo León.
_980180
650 1 4 _aNaranja
_xRendimiento.
_980188
856 _aFinding aid
_uhttp://10.13.5.2/tesis/sist109732.pdf
_zTeclea aquí
901 _aBK
942 _cTESIS
942 _n0
999 _c106194
_d106194